Paul McCartney Songs - Sudden Death - Statistics

General Stats
  • This quiz has been taken 222 times
    221 since last reset
  • The average score is 6 of 18
Answers on the Grid
Answers color-coded by a green-red scale on the quiz's grid according to % correct below.
Goodnight Tonight
Woman
Back Off Boogaloo
All Those Years Ago
My Brave Face
With A Little Luck
Say Say Say
Rio
Spies Like Us
Hi Hi Hi
Photograph
Live And Let Live
Dance Tonight
Jealous Guy
Tropic Island Hum
Another Day
Coming Up
Old Siam Sir
What Is Life
Helen Wheels
Giving It All Away
Maybe I'm Amazed
Let's Spend The Night Together
Junior's Farm
Blue Eyes
We All Stand Together
No More Lonely Nights
One Day In Your Life
Beautiful Night
Once Upon A Long Ago
 
Answer Stats
Answer % Correct
Say Say Say
74%
Hi Hi Hi
52%
With A Little Luck
50%
Maybe I'm Amazed
43%
My Brave Face
42%
Goodnight Tonight
41%
Coming Up
39%
Spies Like Us
30%
Another Day
29%
No More Lonely Nights
27%
Junior's Farm
26%
Dance Tonight
25%
Helen Wheels
22%
Beautiful Night
18%
Old Siam Sir
13%
Once Upon A Long Ago
13%
We All Stand Together
13%
Tropic Island Hum
5%
No matching quizzes found
Score Distribution
Percent of People with Each Score
Percentile by Number Answered
Your Score History
You have not taken this quiz since the last reset